| 000 | 00453nam a2200133Ia 4500 | ||
|---|---|---|---|
| 008 | 170221s9999 xx 000 0 und d | ||
| 100 | _aBoochun Jung | ||
| 245 | 4 | _aThe Impact of Dividend Covenants on Investment and Operating Performance(pages 414–447) | |
| 245 | _cBoochun Jung, Woo-Jong Lee and Yanhua Sunny Yang | ||
| 260 | _c2012 | ||
| 300 | _a12 : 2 | ||
| 650 | _xBusiness | ||
| 856 | _uhttp://onlinelibrary.wiley.com/doi/10.1111/jbfa.12172/pdf | ||
| 999 |
_c311708 _d311708 |
||